000 00667nam a2200289Ia 4500
005 20260324150329.0
008 008 260324s9999 xx 000 0 eng d
020 _a9781315640556
037 _aEBOOK
040 _aCRL
040 _beng
040 _cCRL
041 _2eng
041 _aeng
084 _qCRL
100 _aColin Clarke
245 0 _aRiver of Dissolution
245 0 _bD. H. Lawrence and English Romanticism
260 _bTaylor and Francis
260 _c1969
365 _a
365 _b180
856 _uhttp://www.taylorfrancis.com/books/9781315640556
942 _cEBOOK
999 _c1835316
_d1835316